000 01222nam a2200265Ia 4500
003 OSt
005 20220930095047.0
006 a|||||r|||| 00| 0
007 ta
008 220926b |||||||| |||| 00| 0 hin d
024 _a68527
037 _cTheses
040 _aCRL
_cCRL
_bhin
041 _2hin
_ahin
100 _aप्रशान्त कुमार सिंह, ले.
_9160908
110 _aदिल्ली विश्वविद्यालय. कला संकाय. हिन्दी विभाग
245 0 _aप्रयोगवाद संबंधी प्रमुख वाद - विवाद और हिन्दी आलोचना, प्रशान्त कुमार सिंह
246 _aPrayogavād sanbandhī pramukh vād - vivād aur hindī ālochanā, prashānta kumār sianha
260 _c2019
300 _a321पृ0
_ap.
_ccm.
650 _aहिन्दी साहित्य
700 _aदिल्ली विश्वविद्यालय. कला संकाय. हिन्दी विभाग
942 _cDIS
_2CC
999 _c888250
_d888250